1072 1936 1157 1103 1851 1958 1572 1227 1934 1954 1739 1945 1434 1580 1927 1114 1163 1440 1805 1960 1051 1424 1893 1110 1282 1873 1748 1515 1818 1685 1568 1742 1849 1052 1726 1307 1929 1399 1383 1648 1575 1687 1337 1504 1295 1899 1988 1596 1824 1489 1661 1325 1529 1411 1235 1578 1580 1131 1466 1072 1824 1625 1612 1648 1870 1985 1935 1119 1034 1375 1590 1079 1218 1086 1847 1445 1129 1482 1291 1178 1268 1690 1472 1666 1340 1778 1995 1098 1068 1897 1344 1586 1411 1215 1198 1863 1556 1669 1362 BCNSPRNW ULIB Ver.6.0+V

เปลี่ยนเป็นภาษาไทย

Change to English
 แสดงรายละเอียดบรรณานุกรม
  กลับหน้าหลัก

Brief Record : Get Marc (ISO 2709) : E-mail record : QR code < ปิดหน้าต่าง
LEADER : 00000nam 2200000uu 4500
001    13399108300
003     ULIB
008    110227s2551||||th 000 0 tha d
060 04 WH100^bล973 2551
245 00 โลหิตวิทยาในเวชปฏิบัติ /^cบรรณาธิการ, อุดมศักดิ์บุญวรเศรษฐ์
250    พิมพ์ครั้งที่ 1
260    กรุงเทพฯ :^bสาขาวิชาโลหิตวิทยา ภาควิชาอายุรศาสตร์คณะแพทยศาสตร์ จุฬาลงกรณ์มหาวิทยาลัย,^c2551
300    355 หน้า :^bภาพประกอบ ;^c26 ซม.
650  7 เลือด, โรค
650  7 โลหิตวิทยา
700 0  อุดมศักดิ์ บุญวรเศรษฐ์,^eบรรณาธิการ
710 2  จุฬาลงกรณ์มหาวิทยาลัย. ^bคณะแพทยศาสตร์.^bภาควิชาอายุรศาสตร์. ^bสาขาวิชาโลหิตวิทยา
945    ^p300^l0^i17972
945    ^p300^l0^i17969
945    ^p300^l0^i17970
945    ^p300^l0^i17971
945    ^p300^l0^i17973
995    เกษร
999    ^aใช้งานได้ทุกระบบ
รายการนี้ยังไม่มีแท็ก
คุณยังไม่ได้ล็อกอิน คุณสามารถมีกิจกรรมร่วมกับเว็บไซต์ได้ แต่ต้องล็อกอินก่อน ::
  ล็อกอิน

รายการสื่อสารสนเทศ

ลำดับที่ ประเภท เลขเรียก/บาร์โค้ด สถานที่ สถานะ
1. วิทยาศาสตร์การแพทย์ และสุขภาพ
วิทยาศาสตร์การแพทย์ และสุขภาพ
WH100 ล973 2551  
  Barcode: 17972
ห้องสมุดวิทยาเขตนครสวรรค์
►ส่วนจัดเก็บหนังสือเก่า นว.
บนชั้น
  ขอยืม
2. วิทยาศาสตร์การแพทย์ และสุขภาพ
วิทยาศาสตร์การแพทย์ และสุขภาพ
WH100 ล973 2551 ฉ.2 
  Barcode: 17969
ห้องสมุดวิทยาเขตสวรรค์ประชารักษ์
►ส่วนจัดเก็บหนังสือเก่า สปร
บนชั้น
  ขอยืม
3. วิทยาศาสตร์การแพทย์ และสุขภาพ
วิทยาศาสตร์การแพทย์ และสุขภาพ
WH100 ล973 2551 ฉ.3 
  Barcode: 17970
ห้องสมุดวิทยาเขตสวรรค์ประชารักษ์
►ส่วนจัดเก็บหนังสือเก่า สปร
บนชั้น
  ขอยืม
4. วิทยาศาสตร์การแพทย์ และสุขภาพ
วิทยาศาสตร์การแพทย์ และสุขภาพ
WH100 ล973 2551 ฉ.4 
  Barcode: 17971
ห้องสมุดวิทยาเขตสวรรค์ประชารักษ์
►ส่วนจัดเก็บหนังสือเก่า สปร
บนชั้น
  ขอยืม
5. วิทยาศาสตร์การแพทย์ และสุขภาพ
วิทยาศาสตร์การแพทย์ และสุขภาพ
WH100 ล973 2551 ฉ.5 
  Barcode: 17973
ห้องสมุดวิทยาเขตสวรรค์ประชารักษ์
►ส่วนจัดเก็บหนังสือเก่า สปร
บนชั้น
  ขอยืม

รายการใกล้เคียง
    หัวเรื่อง [เลือด, โรค]
    หัวเรื่อง [โลหิตวิทยา]

BibComment


ยังไม่เคยถูกคอมเมนท์

คอมเมนท์ทรัพยากรรายการนี้
  คอมเมนท์: โลหิตวิทยาในเวชปฏ..


 Copyright 2026. Bcnsprnw @Library